Irregular awards (Record no. 81375)

MARC details
000 -LEADER
fixed length control field 01941cab a22003975a 4500
001 - CONTROL NUMBER
control field L147071
008 - FIXED-LENGTH DATA ELEMENTS--GENERAL INFORMATION
fixed length control field 090327e20090303xxka f s 000 0 eng d
035 ## - SYSTEM CONTROL NUMBER
System control number (Sirsi) u147071
041 0# - LANGUAGE CODE
Language code of text/sound track or separate title eng
100 1# - MAIN ENTRY--PERSONAL NAME
Personal name Bickford-Smith, Stephen
245 00 - TITLE STATEMENT
Title Irregular awards
260 ## - PUBLICATION, DISTRIBUTION, ETC.
Date of publication, distribution, etc. 2009
490 #0 - SERIES STATEMENT
Series statement Solicitor's Journal
Volume/sequential designation 153(8) 3 March 2009, 13-14(2)
520 ## - SUMMARY, ETC.
Summary, etc. Considers applications to set aside a rent review arbitration award under the Arbitration Act 1996 S68. Briefly comments on relevant case law, including cases where the arbitrator considered points not raised by the parties, where the arbitrator relied on his own knowledge, issues raised in evidence, rent reduction, and a direction for an oral hearing after written submissions.
590 ## - LOCAL NOTE (RLIN)
Local note KA
650 24 - SUBJECT ADDED ENTRY--TOPICAL TERM
Topical term or geographic name entry element ARBITRATION ACT 1996 S33
650 24 - SUBJECT ADDED ENTRY--TOPICAL TERM
Topical term or geographic name entry element ARBITRATION ACT 1996 S68
650 24 - SUBJECT ADDED ENTRY--TOPICAL TERM
Topical term or geographic name entry element ARBITRATION ACT 1996 S69
650 24 - SUBJECT ADDED ENTRY--TOPICAL TERM
Topical term or geographic name entry element NEWSFIELD CONSTRUCTION V TOMLINSON
650 24 - SUBJECT ADDED ENTRY--TOPICAL TERM
Topical term or geographic name entry element LESOTHO HIGHLANDS DEVELOPMENT AUTHORITY V IMPREGLIO SPA
650 24 - SUBJECT ADDED ENTRY--TOPICAL TERM
Topical term or geographic name entry element BANDWITH SHIPPING V INTAARI
650 24 - SUBJECT ADDED ENTRY--TOPICAL TERM
Topical term or geographic name entry element CHECKPOINT LTD V STRATHCLYDE PENSION FUND
650 24 - SUBJECT ADDED ENTRY--TOPICAL TERM
Topical term or geographic name entry element EASTCHEAP DRIED FRUIT & CO V NV GERBROEDUS CATZ HANDELSVEREENIGING
650 24 - SUBJECT ADDED ENTRY--TOPICAL TERM
Topical term or geographic name entry element ZERMALT HOLDINGS SA V NU-LIFE UPHOLSTERY REPAIRS LTD
650 24 - SUBJECT ADDED ENTRY--TOPICAL TERM
Topical term or geographic name entry element BULFRACHT (CYPRUS) LTD V BONESET SHIPPING LTD (THE PAMPHILIOS)
650 24 - SUBJECT ADDED ENTRY--TOPICAL TERM
Topical term or geographic name entry element GUARDCLIFFE PROPERTIES LTD V CITY AND ST JAMES
650 24 - SUBJECT ADDED ENTRY--TOPICAL TERM
Topical term or geographic name entry element WARBOROUGH INVESTMENTS LTD V ROBINSON AND SONS (HOLDINGS) LTD
650 24 - SUBJECT ADDED ENTRY--TOPICAL TERM
Topical term or geographic name entry element ST GEORGE'S HOUSE
650 24 - SUBJECT ADDED ENTRY--TOPICAL TERM
Topical term or geographic name entry element JD WETHERSPOON PLC V JAY MAR ESTATES
650 24 - SUBJECT ADDED ENTRY--TOPICAL TERM
Topical term or geographic name entry element METROPOLITAN PROPERTY REALIZATIONS LTD V ATMORE INVESTMENTS LTD
650 24 - SUBJECT ADDED ENTRY--TOPICAL TERM
Topical term or geographic name entry element O'DONOGHUE V ENTERPRISE INNS
651 #4 - SUBJECT ADDED ENTRY--GEOGRAPHIC NAME
Geographic name England and Wales
Chronological subdivision 1543-
690 ## - LOCAL SUBJECT ADDED ENTRY--TOPICAL TERM (OCLC, RLIN)
Topical term or geographic name as entry element MANAGEMENT-DISPUTE AVOIDANCE, MANAGEMENT AND RESOLUTION-DISPUTE MANAGEMENT AND RESOLUTION-ARBITRATION
690 ## - LOCAL SUBJECT ADDED ENTRY--TOPICAL TERM (OCLC, RLIN)
Topical term or geographic name as entry element PROPERTY-LANDLORD AND TENANT-TENANCIES-TENANCY RENT REVIEW
942 ## - ADDED ENTRY ELEMENTS (KOHA)
Suppress in OPAC 0
Holdings
Withdrawn status Lost status Source of classification or shelving scheme Damaged status Not for loan Home library Current library Shelving location Date acquired Total Checkouts Full call number Barcode Date last seen Copy number Price effective from Koha item type
    Dewey Decimal Classification     Virtual Virtual Journal article 27/03/2009   L147071 147071-1001 06/08/2019 1 06/08/2019 Journal article